| 000 | 00966nam a2200289 i 4500 | ||
|---|---|---|---|
| 001 | 000027708 | ||
| 003 | DO-SdBNP | ||
| 005 | 20251202082510.0 | ||
| 007 | ta | ||
| 008 | 110404s1981 dr 000 0 spa d | ||
| 040 |
_aDO-SdBNP _bspa _cBNPHU _erda |
||
| 041 | _aspa | ||
| 082 | 4 |
_axxx _bR426m _222 |
|
| 110 | 2 |
_aRepública Dominicana _bSecretariado Técnico de la Presidencia , Ofina Nacional de Presupuestos. _954780 |
|
| 245 | 0 | 0 | _aManual de clasificaciones presupuestarias 1982. |
| 250 | _aSexta edición | ||
| 264 |
_aSanto Domingo : _bOficina Nacional de Presupuesto, _c1981. |
||
| 300 |
_a168 páginas ; _c21 cm. |
||
| 336 |
_ardacontent _btexto _2txt |
||
| 337 |
_ardamedia _bsin mediación _2n |
||
| 338 |
_ardacarrier _bvolumen _2nc |
||
| 500 | _aIncluye referencias bibliográficas y notas al pie de las páginas. | ||
| 500 | _aIncluye resumen funcional por instituciones. | ||
| 590 | _aInventariado, 2025/DG | ||
| 910 | _aDG | ||
| 942 |
_2ddc _cLBS1 |
||
| 999 |
_c27200 _d27200 |
||